000 00449nam a2200205Ia 4500
001 110358
003 YMCAF
005 20230512162417.0
008 100717s2003 ||||||||||||||||| ||und|d
024 _a110358
035 _aWB1345
040 _aYMCAF
_beng
_cIN-KoLT
041 _aeng
082 _a006.74
_bWIL
100 _aWilliamson, Heather
245 0 _aComplete reference XML
260 _bTMH
_c2003
300 _a965
942 _2ddc
_cBK
999 _c11831
_d11831